Americas Country A-Z - Statistics

General Stats
  • This quiz has been taken 33 times
    29 since last reset
  • The average score is 14 of 15
Answer Stats
Letter Country % Correct
B Bolivia / Brazil / Bahamas / Belize / Barbados
100%
C Chile / Colombia / Canada / Costa Rica / Cuba
100%
H Haiti / Honduras
100%
M Mexico
100%
P Paraguay / Peru / Panama
100%
U Uruguay / United States
100%
A Argentina / Antigua and Barbuda
96%
G Guyana / Grenada / Guatemala
96%
V Venezuela
96%
D Dominica / Dominican Republic
93%
E Ecuador / El Salvador
93%
S Suriname / Saint Kitts and Nevis / Saint Lucia / Saint Vincent and the Grenadines
93%
J Jamaica
89%
N Nicaragua
89%
T Trinidad and Tobago
78%
No matching quizzes found
Score Distribution
Percent of People with Each Score
Percentile by Number Answered
Your Score History
You have not taken this quiz since the last reset